00810nam a2200265Ia 4500008004100000020001600041050001200057050001600069100001700085245004000102245003500142245001500177260001800192260004000210260000900250300001600259300001100275500004400286650002200330650002700352650001500379650001200394999001900406952011900425170203s9999 xx 000 0 und d a97897100121 a332.024 b.Sa55c 2010 aSanchez, Bo. a8 Habits of the happy millionaire : bcreate your wealth God's way / cBo Sanchez aQuezon City : bShepherd's Voice Publications, Inc. c2010 a151 pages : c21 cm. aFormerly entitled Choose to be Wealthy  a Home and school. a Readiness for school. ahappiness. awealth. c305439d305439 001040aSSISBbSSISBcHS NON-FICd2017-02-03l0o332.024 Sa55c 2010pUS-1760r2017-02-03 00:00:00w2017-02-03yBK